| 000 | 01355nam a2200265Ia 4500 | ||
|---|---|---|---|
| 003 | OSt | ||
| 005 | 20220930095018.0 | ||
| 006 | a|||||r|||| 00| 0 | ||
| 007 | ta | ||
| 008 | 220926b |||||||| |||| 00| 0 hin d | ||
| 024 | _a66311 | ||
| 037 | _cTheses | ||
| 040 |
_aCRL _cCRL _bhin |
||
| 041 |
_2hin _ahin |
||
| 100 | _aवर्मा, सुधीर कुमार, ले. | ||
| 110 | _aदिल्ली विश्वविद्यालय. कला संकाय. इतिहास विभाग | ||
| 245 | 0 |
_a18वीं श्ताब्दी के रूहेलखण्ड में सारमाजिक, आर्थिक एवं सांस्कृतिक प्रवृत्तियॉं _b एक ऐतिहासिक अध्ययन, सुधीर कुमार वर्मा |
|
| 246 | _a18vīan shtābdī ke rūhelakhaṇḍa mean sāramājika, ārthik evan sāanskṛutik pravṛuttiyaॉan: ek aitihāsik adhyayana, sudhīr kumār varmā | ||
| 260 | _c2019 | ||
| 300 |
_a355पृ0 _ap. _ccm. |
||
| 650 | _aइतिहास | ||
| 700 | _aदिल्ली विश्वविद्यालय. कला संकाय. इतिहास विभाग | ||
| 942 |
_cDIS _2CC |
||
| 999 |
_c888157 _d888157 |
||